| 000 | 00764cam a22002775i 4500 | ||
|---|---|---|---|
| 001 | SSB006306 | ||
| 005 | 20140930142200.0 | ||
| 008 | 130805s2014 cau 000 0 eng | ||
| 010 | _a2013947121 | ||
| 020 | _a9781446272183 (pbk.) | ||
| 040 |
_aDLC _beng _erda _cDLC |
||
| 042 | _apcc | ||
| 050 | 4 |
_aLB 1555 _b.M121 2014 |
|
| 100 | 1 | _aMacBlain, Sean. | |
| 245 | 1 | 0 |
_aHow children learn / _cSean MacBlain. |
| 250 | _a1st edition. | ||
| 260 |
_aLondon : _bSAGE Publication Ltd., _cc2014. |
||
| 263 | _a1403. | ||
| 300 |
_axi, 256 pages : _c23 cm. |
||
| 504 | _aIncludes bibliographical references and idnex. | ||
| 521 | _aEducation | ||
| 650 | 0 | _aEducation. | |
| 650 | 0 | 4 | _aChild development. |
| 650 | 0 | 4 | _aLearning theory. |
| 942 |
_2lcc _cBK _kFOR |
||
| 999 |
_c275961 _d275961 |
||